000 00527nam a2200193Ia 4500
003 OSt
005 20221007083103.0
006 a|||||r|||| 00| 0
007 ta
008 221006b |||||||| |||| 00| 0 eng d
024 _a23,096
037 _cDissertations
040 _aFLL
_cFLL
_beng
041 _2eng
_aeng
100 _aLal Rattan
_9239945
245 0 _aConstitutional safeguards for civil servants under part XIV of the Indian constitution.
942 _cDIS
_2CC
999 _c1168777
_d1168777